| 000 | 00690nam a2200229 u 4500 | ||
|---|---|---|---|
| 005 | 20240831063713.0 | ||
| 008 | 080519s2003 es r 000 0 spa d | ||
| 020 | _a8421813951 | ||
| 035 | _aUPN01000155968 | ||
| 049 | _aI | ||
| 050 | 4 |
_aPZ71 _bB3.46 2003 |
|
| 100 | 1 |
_aBaquedano Azcona, Lucía, _d1938- _934546 |
|
| 245 | 1 | 0 |
_aInventando historias / _cLucía Baquedano ; il. Margarita Menéndez. |
| 250 | _a4a ed. | ||
| 260 |
_aBarcelona, Esp. : _bMagisterio Casals, _c2003. |
||
| 300 |
_a121 p. : _bil. |
||
| 440 | 0 |
_aPunto juvenil ; _v43 |
|
| 650 | 4 |
_aCuentos infantiles españoles _97725 |
|
| 650 | 4 |
_aRelaciones interpersonales _91551 |
|
| 905 | _aInfantil | ||
| 999 |
_c128082 _d128082 |
||